书目信息 |
| 题名: |
野性之美
|
|
| 作者: | 塞顿 著 ;周达扬 译 | |
| 分册: | ||
| 出版信息: | 北京 大学文艺出版社 2006.09 |
|
| 页数: | 212页 | |
| 开本: | 20cm | |
| 丛书名: | ||
| 单 册: | ||
| 中图分类: | I711.45 | |
| 科图分类: | ||
| 主题词: | 长篇小说--加拿大--现代 | |
| 电子资源: | ||
| ISBN: | 7-80171-490-3 | |
| 000 | 00825nam0 2200241 450 | |
| 001 | 1043835172 | |
| 005 | 20100816121837.42 | |
| 010 | @a7-80171-490-3@dCNY29.80 | |
| 100 | @a20100515d2006 km y0chiy0120 ea | |
| 101 | 1 | @achi@ceng |
| 102 | @aCN@b110000 | |
| 102 | @aCN@b110000 | |
| 105 | @ay z 000ay | |
| 200 | 1 | @a野性之美@Aye xing zhi mei@f(加) 欧内斯特·托马逊·塞顿著@F(jia)ou nei si te·tuo ma xun·sai dun zhu@g周达扬译@Gzhou da yang yi |
| 210 | @a北京@c大学文艺出版社@d2006.09 | |
| 215 | @a212页@d20cm | |
| 330 | @a狼是集美丽、高贵与智慧于一身的楷模。它们坚忍百强壮,除了枪炮、毒药以及陷阱之外,足以应付地球上的所有挑战。 | |
| 606 | 0 | @a长篇小说@y加拿大@z现代 |
| 690 | @aI711.45@v4 | |
| 701 | 1 | @a塞顿@Asai dun@4著 |
| 702 | 0 | @a周达扬@Azhou da yang@4译 |
| 801 | 0 | @aCN@c20100515 |
| 905 | @dI711.45@eS011@f3 | |
| 野性之美/(加) 欧内斯特·托马逊·塞顿著/周达扬译.-北京:大学文艺出版社,2006.09 |
| 212页;20cm |
| ISBN 7-80171-490-3:CNY29.80 |
| 狼是集美丽、高贵与智慧于一身的楷模。它们坚忍百强壮,除了枪炮、毒药以及陷阱之外,足以应付地球上的所有挑战。 |
| ● |
| 相关链接 |
|
|
|
正题名:野性之美
索取号:I711.45/S011
 
预约/预借
| 序号 | 登录号 | 条形码 | 馆藏地/架位号 | 状态 | 备注 |
| 1 | 1030756 | 210307568 | 文学库116/400B社科库 22排1列6层/ [索取号:I711.45/S011] | 在馆 | |
| 2 | 1030757 | 210307577 | 社科二线422/422社科库 32排1列4层/ [索取号:I711.45/S011] | 在馆 | |
| 3 | 1030758 | 210307586 | 文学库116/400B社科库 22排1列6层/ [索取号:I711.45/S011] | 在馆 |